000 00707nam a22002657a 4500
001 30762
003 UA-OsUOA
005 20201127224238.0
007 ta
008 20041115b un ||||| |||| 00| 0 ukr d
020 _a966-504-372-2
040 _aUA-OsUOA
_bukr
_cUA-OsUOA
_dUA-OsUOA
041 _aukr
044 _aUA
080 _a930.1(477)
090 _a930.1(477)
_bК17
100 _aКалакура Я.
245 _aУкраїнська історіографія
_bкурс лекцій
260 _aКиїв
_bГенеза
_c2004
300 _a496 с.
650 7 _2UDC
942 _cBK
_2udc
955 _a0
999 _c317176
_d317176